Responses for show #5572 - Tuesday, November 25, 2008

Contestants

Guil Prickette, a licensed professional counselor from Anchorage, Alaska

Jillian Rebmann, a librarian from Peoria, Illinois

Nathaniel Barnes, a composer and bartender from Toronto, Ontario, Canada (whose 1-day cash winnings total $23,900)

Jeopardy! Round responses

QUOTATIONS
BIOPIC SUBJECTS
75 YEARS OF ESQUIRE
MAKE NO MYTHTAKE
THE SPECIFIC PALM READER
Z BOYS
    $200 6
Sir Edmund Hillary

Jillian
    $200 11
Johnny Cash

Guil
    $200 26
Michael Jordan

Jillian
    $200 1
Odysseus

Nathaniel
    $200 19
an annulment

Jillian
    $200 15
Frank Zappa

Guil
    $400 7
Oscar Wilde

Nathaniel
    $400 12
Charlie Parker

Guil
    $400 27
Woody Allen

Nathaniel
    $400 2
amber

Guil
    $400 20
NASDAQ

Guil
    $400 16
Zachary Taylor

Jillian
    $600 8
Thomas Jefferson

Guil
    $600 13
Beethoven

Guil
    $600 28
(Jillian: What is a screen?)
(Guil: What is a microchip?)

battery

JillianGuil
Triple Stumper
    $600 3
Hercules

Nathaniel
    $600 21
Gulf of Mexico

Guil
    $600 17
Sam Zell

Triple Stumper
    $800 9
Hannibal

Nathaniel
    $800 14
(Nathaniel: Who is Michelangelo?)

Vincent van Gogh

NathanielJillian
    $800 29
Dubious Achievement Awards

Triple Stumper
    $1,000 4
Saturday

Nathaniel
    $800 22
The Mikado

Jillian
    $800 24
Franco Zeffirelli

Nathaniel
    $1000 10
John Marshall

Nathaniel
    $1000 18
Robert Stroud

Triple Stumper
    $1000 30
(Jillian: What is the Enola Gay?)

Memphis Belle

Jillian
Triple Stumper
    $1000 5
(Jillian: What is Phebes?)
(Guil: What is Athens?)

Thebes

JillianGuil
Triple Stumper
    $1000 23
(Guil: What is tennis elbow?)

bursitis

Guil
Triple Stumper
    $1000 25
Zbigniew Brzezinski

Guil

Scores at the first commercial break (after clue 15):

Nathaniel Jillian Guil
$3,200 $0 $1,400

Scores at the end of the Jeopardy! Round:

Nathaniel Jillian Guil
$4,400 $0 $1,800

Double Jeopardy! Round responses

CAVES
WHAT A DELICIOUS DISH
NOODLING AROUND
BIOLOGY
JUNIOR SAMPLES
"HEE" HAW
    $400 5
dark places

Nathaniel
    $400 1
Madonna

Jillian
    $400 21
wheels

Nathaniel
    $400 10
teeth

Jillian
    $400 12
Parcheesi

Guil
    $800 4
stalagmites and stalactites

Guil
    $800 2
Mickey Mantle

Guil
    $800 17
Ramen

Jillian
    $800 7
genome

Nathaniel
    $800 22
Kurt Vonnegut, Jr.

Nathaniel
    $800 13
Old English sheepdog

Triple Stumper
    $1200 6
(Jillian: What is granite?)
...
(Alex: Low-grade is [*]. Granite is much higher.)

limestone

Jillian
Triple Stumper
    $1200 3
Hugh Hefner

Nathaniel
    $1200 18
rice

Nathaniel
    $1200 8
(Nathaniel: What is a fatty acid?)

an amino acid

NathanielGuil
    $1200 23
(Guil: Who is Dale Carnegie, Jr.?)

John D. Rockefeller, Jr.

Guil
Triple Stumper
    $1200 14
(Guil: What is a paddlewheel?)
[Guil's response was initially accepted, but was overturned because it did not contain 13 letters.]

a paddlewheeler

Guil
Triple Stumper
    $1600 28
a bear

Triple Stumper
    $1600 26
Katie Couric

Jillian
    $1600 19
(Jillian: What is a needle?)

a thimble

JillianGuil
    $1,000 9
(Guil: What's an accelerator?)

a motor

Guil
    $1600 24
(Guil: Who is Jerry, um...I'm blanking.)

Jerry Brown

Guil
Triple Stumper
    $1600 15
a spreadsheet

Nathaniel
    $1,000 29
(Jillian: What is austro-pal-ithecus?)
(Alex: Oh, you--you kind of twisted a whole bunch of syllables around.)

Australopithecus

Jillian
    $2000 27
Esther Williams

Triple Stumper
    $2000 20
cellophane noodles

Triple Stumper
    $2000 11
parasitology

Jillian
    $2000 25
Andrew Young, Jr.

Triple Stumper
    $2000 16
wheedle

Triple Stumper

Scores at the end of the Double Jeopardy! Round:

Nathaniel Jillian Guil
$9,600 $1,400 $1,600
(lock game)

[wagering suggestions for these scores]

Final Jeopardy! Round responses

IN THE NEWS 1952
JillianWho is Eva Peron?
$1,342
GuilWho is Eva Peron?
$1,600
NathanielWho is Mother Teresa?
$2,000
Eva Peron

Final scores:

Nathaniel Jillian Guil
$7,600 $2,742 $3,200
2-day champion: $31,500 3rd place: $1,000 2nd place: $2,000

Game dynamics:

Coryat scores:

Nathaniel Jillian Guil
$9,400 $2,400 $2,600
15 R
(including 1 DD),
2 W
11 R,
6 W
(including 1 DD)
14 R,
7 W
(including 1 DD)

Combined Coryat: $14,400

The J! Archive is created by fans, for fans. The Jeopardy! game show and all elements thereof, including but not limited to copyright and trademark thereto, are the property of Jeopardy Productions, Inc. and are protected under law. This website is not affiliated with, sponsored by, or operated by Jeopardy Productions, Inc. Join the discussion at JBoard.tv.